Por que? (Record no. 27032)

MARC details
000 -LEADER
fixed length control field 00471nam a22002057a 4500
001 - CONTROL NUMBER
control field sjds
003 - CONTROL NUMBER IDENTIFIER
control field sjds
005 - DATE AND TIME OF LATEST TRANSACTION
control field 20240317200836.0
008 - FIXED-LENGTH DATA ELEMENTS--GENERAL INFORMATION
fixed length control field 220524b arg||||| |||| 00| 0 spa d
020 ## - INTERNATIONAL STANDARD BOOK NUMBER
International Standard Book Number 9789501106114
020 ## - INTERNATIONAL STANDARD BOOK NUMBER
International Standard Book Number 950110611x
020 ## - INTERNATIONAL STANDARD BOOK NUMBER
International Standard Book Number 9789501180473 (series)
040 ## - CATALOGING SOURCE
Transcribing agency sjds
041 ## - LANGUAGE CODE
Language code of text/sound track or separate title spa
Language code of original eng
100 10 - MAIN ENTRY--PERSONAL NAME
Personal name Smith, Kathie Billingslea
245 10 - TITLE STATEMENT
Title Por que?
260 ## - PUBLICATION, DISTRIBUTION, ETC. (IMPRINT)
Name of publisher, distributor, etc. Sigmar,
Date of publication, distribution, etc. c1987
440 ## - SERIES STATEMENT/ADDED ENTRY--TITLE
Title Coleccion mil preguntas
942 ## - ADDED ENTRY ELEMENTS (KOHA)
Koha item type Libro/Book
Holdings
Withdrawn status Lost status Damaged status Not for loan Home library Current library Date acquired Inventory number Total Checkouts Full call number Barcode Date last seen Date checked out Price effective from Koha item type Shelving location Checked out
        Capulin -- Satellite Capulin -- Satellite 24/05/2022 Inventory date: 7/7/25   JNC 35102089 24/05/2022   24/05/2022 Libro/Book    
        Las Pampas -- Satellite Las Pampas -- Satellite 17/06/2022 inventory date: 17-1-25   JNC 35702030 17/06/2022   17/06/2022 Libro/Book    
        San Juan Del Sur -- Mobile Las delicias 04/03/2024   1   33016140 14/03/2024 14/03/2024 04/03/2024 Libro/Book   18/04/2024
        Monte Cristo -- Satellite Monte Cristo -- Satellite 17/06/2022     JNC 40202227 17/06/2022   17/06/2022 Libro/Book    
        San Jeronimo -- Satellite San Jeronimo -- Satellite 17/06/2022 inventory date: 14-1-25 1 JNC 35902234 20/05/2024 20/05/2024 17/06/2022 Libro/Book    
        San Juan Del Sur -- Biblioteca San Juan Del Sur -- Biblioteca 12/05/2016 inventory date: 22-1-25 1 JNC 35200097 25/05/2021 22/03/2021 12/05/2016 Libro/Book    
        San Juan Del Sur -- Biblioteca San Juan Del Sur -- Biblioteca 24/05/2022 Inventory date: 15-5-25 1 JNC 30029538 24/03/2026 05/03/2026 24/05/2022 Libro/Book Children's Area  
        San Juan Del Sur -- Biblioteca San Juan Del Sur -- Biblioteca 13/01/2023       30010347 13/01/2023   13/01/2023 Libro/Book    
        Sevadilla -- Satellite Sevadilla -- Satellite 17/06/2022     JNC 35402024 17/06/2022   17/06/2022 Libro/Book    

Powered by Koha